Demographic study on two culturally diverse communities in Calcutta (Record no. 12452)

MARC details
000 -LEADER
fixed length control field 00461nam a2200157Ia 4500
082 ## - DEWEY DECIMAL CLASSIFICATION NUMBER
Classification number TR.0275
100 ## - MAIN ENTRY--AUTHOR NAME
Personal name Ray Chaudhuri, R.
245 #0 - TITLE STATEMENT
Title Demographic study on two culturally diverse communities in Calcutta
260 ## - PUBLICATION, DISTRIBUTION, ETC. (IMPRINT)
Year of publication 1992
Name of publisher University of Calcutta
300 ## - PHYSICAL DESCRIPTION
Number of Pages 161p. + C D-5
650 ## - SUBJECT ADDED ENTRY--TOPICAL TERM
Topical Term MUSLIMS - WEST BENGAL - CALCUTTA
650 ## - SUBJECT ADDED ENTRY--TOPICAL TERM
Topical Term MARWARIS - WEST BENGAL - CALCUTTA
650 ## - SUBJECT ADDED ENTRY--TOPICAL TERM
Topical Term CALCUTTA - POPULATION
710 ## - ADDED ENTRY--CORPORATE NAME
Corporate name or jurisdiction name as entry element Sen, Tulika
942 ## - ADDED ENTRY ELEMENTS (KOHA)
Koha item type Thesis
Source of classification or shelving scheme Dewey Decimal Classification
Holdings
Withdrawn status Lost status Damaged status Not for loan Home library Current library Date acquired Bill Date Full call number Accession Number Price effective from Koha item type
        NASSDOC Library NASSDOC Library 08/10/2004 2008-12-30 TR.0275 33041 18/04/2019 Thesis